000 00579nam a2200229Ia 4500
003 OSt
005 20220928102847.0
006 a|||||r|||| 00| 0
007 ta
008 220927b |||||||| |||| 00| 0 eng d
024 _a63511
037 _cTextual
040 _aSDCL
_cSDCL
_beng
041 _2eng
_aeng
082 _a4, N3
100 _aDhawan Madhu
_9393117
245 0 _aPatrakarita
_b Ek parichaya.
260 _aMadras
_bBoadh Prakashan
_c1993
300 _a185p.
_ccm.
942 _h4, N3
_cTEXL
_2CC
999 _c716776
_d716776